Újjáalakult a Dugonics Társaság

Elmentve itt :
Bibliográfiai részletek
Dokumentumtípus: Cikk
Megjelent: 1946-10-15
Sorozat:Délmagyarország
Kulcsszavak:Sík Sándor
Online Access:http://dmarchiv.bibl.u-szeged.hu/34405
LEADER 00391nab a2200145 i 4500
001 delm34405
005 20180927112908.0
008 180927s1946 hu o 0|| hun d
040 |a SZTE Délmagyarország Archívum  |b hun 
041 |a hun 
245 0 0 |a Újjáalakult a Dugonics Társaság  |h [elektronikus dokumentum] 
260 |c 1946-10-15 
300 |a 4 
490 0 |a Délmagyarország 
695 |a Sík Sándor